| 000 | 01190nam a2200277Ia 4500 | ||
|---|---|---|---|
| 003 | OSt | ||
| 005 | 20201214110517.0 | ||
| 008 | 191128s2010 ck ad fr 000 0 spa d | ||
| 020 | _a9789587310283 | ||
| 040 |
_aCO-JMCR _cCO-JMCR |
||
| 041 | 0 | _aspa | |
| 082 | 0 | 4 |
_a336.200905 / _bR277y _223 |
| 100 | 1 |
_aRestrepo Salazar, Juan Camilo, _eautor _96525 |
|
| 245 | 1 | 1 |
_a¿Y de equidad que? : _breflexiones sobre el sistema tributario durante la administración Uribe Vélez / _cJuan Camilo Restrepo Salazar |
| 250 | _a2a edición | ||
| 260 |
_aMedellín : _bEditorial Diké, _c2010 |
||
| 300 |
_a325 páginas : _bgráficos a blanco y negro ; _c24 cm. |
||
| 490 | 0 | _aBiblioteca Jurídica | |
| 505 | 0 | _aEnsayos -- Artículos | |
| 520 | 3 | _aEl artículo 363 de la constitución prescribe que "El sistema tributario se funda en los principios de la equidad, eficiencia y progresividad". ¿Cómo se han cumplido estos postulados constitucionales durante los dos gobiernos del presidente | |
| 650 | 1 | 4 |
_aDerecho fiscal _zColombia _96526 |
| 650 | 1 | 4 |
_aHacienda pública _zColombia _96527 |
| 650 | 2 | 4 |
_aGastos públicos _zColombia _96528 |
| 650 | 2 | 4 |
_aPresupuesto _zColombia _96529 |
| 942 |
_2ddc _cBK |
||
| 999 |
_c5812 _d5812 |
||